| 000 | 00352nam a22001577a 4500 | ||
|---|---|---|---|
| 003 | SGT | ||
| 082 |
_a615.53 _bI90W |
||
| 100 | _aWOODROFFE, SIR JOHN | ||
| 245 | _aINTRODUCTION TO TANTRA SASTRA | ||
| 250 | _a1ST | ||
| 260 |
_aMADRAS _bGANESH & COMPANY _c1990 |
||
| 300 | _a157 | ||
| 650 | _aAYURVEDA | ||
| 653 | _aSASTRA, TANTRA | ||
| 942 |
_2ddc _cRARE |
||
| 999 |
_c24123 _d24123 |
||